000 00306nam a22001337a 4500
008 181022b xxu||||| |||| 00| 0 eng d
020 _a639785311065
041 _aeng
080 _a510
100 _a37
101 _aMAT
245 _aRewiew Of Elementary Mathematics
_cPhilip.a .sch
942 _2udc
_cBK
999 _c50374
_d50374